Principles and practice of rating valuation

Bibliographic Details
Main Authors: Emeny, Roger (Author), Wilks, Hector M. (Author)
Format: Book
Language:English
Published: London : The Estates Gazette Ltd. 1972
Edition:Third Edition
Subjects:

MARC

LEADER 00000cam a2200000 7i4500
001 0000000113
005 20240919.0
008 240919 enk a eng
040 |a INS   |b eng   |e rda 
090 0 0 |a HJ4337   |b .E53 1972 
100 1 |a Emeny, Roger ,   |e author 
245 1 0 |a Principles and practice of rating valuation   |c by Roger Emeny, Hector M. Wilks 
250 |a Third Edition 
264 1 |a London :   |b The Estates Gazette Ltd.   |c 1972 
300 |a xi, 416 pages :   |b illustrations ;   |c 22 cm. 
336 |a text  |2 rdacontent 
337 |a unmediated  |2 rdamedia 
338 |a volume  |2 rdacarrier 
500 |a Includes index 
650 0 |a Rating 
650 0 |a Rating   |x Valuation 
650 0 |a Valuation theory 
700 1 |a Wilks, Hector M. ,   |e author 
999 |a 0000023358   |b BOOK   |c Open Shelf   |e Default branch